[Event "30th WCh U20 Girls"]
[Site "Athens GRE"]
[Date "2012.08.14"]
[Round "12"]
[White "Abdumalik, Zhansaya"]
[Black "Kashlinskaya, Alina"]
[Result "1/2-1/2"]
[WhiteElo "2193"]
[BlackElo "2391"]
[EventDate "2012.08.02"]
[PlyCount "65"]

1.e4 e5 2.Nf3 Nc6 3.d4 exd4 4.Nxd4 Nf6 5.Nxc6 bxc6 6.e5 Qe7 7.Qe2 Nd5 8.c4
Nb6 9.Nc3 Bb7 10.Bf4 Qe6 11.O-O-O Ba6 12.b3 Rb8 13.Rd4 Ba3+ 14.Kc2 O-O 15.
Bc1 Bxc1 16.Kxc1 f6 17.Re4 fxe5 18.Rxe5 Qf6 19.Qe3 d6 20.Re6 Qxf2 21.Qxf2 
Rxf2 22.Re7 d5 23.Bd3 dxc4 24.Be4 Rd8 25.Rd1 Rxd1+ 26.Kxd1 cxb3 27.axb3 
Bc8 28.Rxc7 Be6 29.Rxa7 Nd5 30.Nxd5 cxd5 31.Bf3 d4 32.Ra8+ Kf7 33.Rd8 
1/2-1/2

[Event "30th WCh U20 Girls"]
[Site "Athens GRE"]
[Date "2012.08.14"]
[Round "12"]
[White "Abdulla, Khayala"]
[Black "Ziaziulkina, Nastassia"]
[Result "1/2-1/2"]
[WhiteElo "2217"]
[BlackElo "2342"]
[EventDate "2012.08.02"]
[PlyCount "75"]

1.e4 c5 2.Nf3 d6 3.d4 cxd4 4.Nxd4 Nf6 5.Nc3 a6 6.f4 e6 7.Qf3 Qc7 8.g4 b5 
9.g5 Nfd7 10.a3 Bb7 11.Be3 Nc6 12.Bd3 Be7 13.h4 Nc5 14.Nxc6 Bxc6 15.f5 
exf5 16.Qxf5 O-O 17.O-O-O Rac8 18.h5 Nxd3+ 19.Rxd3 Rfe8 20.Rf1 Bf8 21.Rf2 
Re5 22.Qf4 Rce8 23.Bd4 R5e6 24.Rdf3 Bxe4 25.Qxf7+ Qxf7 26.Rxf7 R6e7 27.
R7f4 Bc6 28.Kd2 Rb7 29.b4 Be7 30.Rg4 Rf8 31.Rxf8+ Bxf8 32.h6 Re7 33.Rg3 
Kf7 34.g6+ Kg8 35.hxg7 Bxg7 36.gxh7+ Kxh7 37.Bxg7 Rxg7 38.Rxg7+ 1/2-1/2

[Event "30th WCh U20 Girls"]
[Site "Athens GRE"]
[Date "2012.08.14"]
[Round "12"]
[White "Osmak, Yulia"]
[Black "Bulmaga, Irina"]
[Result "0-1"]
[WhiteElo "2171"]
[BlackElo "2380"]
[EventDate "2012.08.02"]
[PlyCount "148"]

1.e4 e5 2.Nf3 Nc6 3.Bb5 f5 4.d3 fxe4 5.dxe4 Nf6 6.O-O Bc5 7.Nc3 d6 8.Be3 
Bb6 9.Qd3 Bd7 10.Nd5 h6 11.a3 O-O 12.Nd2 Nxd5 13.Qxd5+ Kh8 14.Bxc6 Bxc6 
15.Qd3 Qh4 16.f3 g5 17.Nc4 Bb5 18.Bxb6 axb6 19.Qc3 Qf4 20.Rf2 Bxc4 21.Qxc4
Rf7 22.Qd5 Ra5 23.Qxb7 Qe3 24.Qc8+ Kg7 25.Qe6 Qd4 26.c3 Qe3 27.Qc4 g4 28.
Qe2 Qxe2 29.Rxe2 gxf3 30.gxf3 Rxf3 31.Rf1 Rxf1+ 32.Kxf1 Ra8 33.Rg2+ Kf7 
34.Ke2 c6 35.c4 Ra4 36.Kd3 b5 37.cxb5 cxb5 38.Ke3 b4 39.axb4 Rxb4 40.Kd3 
Kf6 41.Re2 Ke6 42.Rg2 Rb3+ 43.Kc4 Re3 44.Rg6+ Kd7 45.Rxh6 Rxe4+ 46.Kc3 Kc6
47.b4 Kd5 48.b5 Re1 49.Kc2 Re4 50.Rh3 Re2+ 51.Kc1 Kc5 52.Rh6 Re4 53.h4 Rd4
54.h5 Kxb5 55.Rh8 Rh4 56.h6 Kc5 57.h7 Kd4 58.Rd8 Rxh7 59.Rxd6+ Ke3 60.Re6 
e4 61.Kc2 Rh2+ 62.Kd1 Rh1+ 63.Kc2 Re1 64.Kc3 Rc1+ 65.Kb2 Rc5 66.Kb3 Kd3 
67.Rd6+ Ke2 68.Kb4 Rc8 69.Kb3 e3 70.Kb2 Ke1 71.Re6 e2 72.Kb3 Rc1 73.Kb2 
Rd1 74.Kc2 Kf2 0-1

[Event "30th WCh U20 Girls"]
[Site "Athens GRE"]
[Date "2012.08.14"]
[Round "12"]
[White "Wang Jue"]
[Black "Semenova, Elena"]
[Result "1-0"]
[WhiteElo "2355"]
[BlackElo "2134"]
[EventDate "2012.08.02"]
[PlyCount "79"]

1.e4 e5 2.Nf3 Nc6 3.Bb5 a6 4.Ba4 Nge7 5.d4 exd4 6.Bb3 d5 7.exd5 Nxd5 8.O-O
Be6 9.Nxd4 Nxd4 10.Qxd4 Qd7 11.Rd1 O-O-O 12.Bg5 c5 13.Qe4 f6 14.Be3 f5 15.
Qf3 Qf7 16.Nc3 Nxc3 17.Rxd8+ Kxd8 18.Bg5+ Kc8 19.Bxe6+ Qxe6 20.Qxc3 Bd6 
21.Re1 Qd5 22.Qxg7 Rg8 23.Qxh7 Bf4 24.h4 Bxg5 25.hxg5 Rd8 26.Qe7 Qd2 27.
Qxc5+ Kb8 28.Qe5+ Ka8 29.g6 Rg8 30.g7 Qd7 31.Qe7 Rxg7 32.Qxd7 Rxd7 33.Re5 
Rd2 34.Rxf5 Rxc2 35.g4 Rxb2 36.g5 Rb6 37.f4 Rg6 38.Kf2 Kb8 39.Rf7 b5 40.
Rf6 1-0

[Event "30th WCh U20 Girls"]
[Site "Athens GRE"]
[Date "2012.08.14"]
[Round "12"]
[White "Schut, Lisa"]
[Black "Anusca, Madalina-Maria"]
[Result "1-0"]
[WhiteElo "2305"]
[BlackElo "2079"]
[EventDate "2012.08.02"]
[PlyCount "87"]

1.e4 c5 2.Nf3 Nc6 3.d4 cxd4 4.Nxd4 g6 5.c4 Nf6 6.Nc3 Nxd4 7.Qxd4 d6 8.f3 
Bg7 9.Be3 O-O 10.Qd2 Be6 11.Rc1 Qa5 12.Be2 Rfc8 13.b3 a6 14.Na4 Qxd2+ 15.
Kxd2 Nd7 16.g4 Rcb8 17.Nc3 b5 18.Nd5 Bxd5 19.cxd5 Rc8 20.Rc6 Ne5 21.Rxc8+ 
Rxc8 22.Rc1 Rxc1 23.Kxc1 Kf8 24.a4 bxa4 25.bxa4 a5 26.Bb6 Nd7 27.Bxa5 Nc5 
28.Bd1 Be5 29.h3 Ke8 30.Kb1 h5 31.Be2 Kd7 32.Bb5+ Kc8 33.Ka2 hxg4 34.hxg4 
g5 35.Ka3 f6 36.Bc6 Nd3 37.Bb6 Nb2 38.Kb3 Nxa4 39.Bxa4 Bf4 40.Kc4 Be5 41.
Kb5 Kd7 42.Ka6+ Kc8 43.Be8 Bc3 44.Kb5 1-0

[Event "30th WCh U20 Girls"]
[Site "Athens GRE"]
[Date "2012.08.14"]
[Round "12"]
[White "Kulkarni, Bhakti Pradip"]
[Black "Rodriguez Rueda, Paula Andrea"]
[Result "1/2-1/2"]
[WhiteElo "2159"]
[BlackElo "2196"]
[EventDate "2012.08.02"]
[PlyCount "75"]

1.d4 Nf6 2.c4 e6 3.Nc3 d5 4.Bg5 Be7 5.cxd5 exd5 6.Qc2 O-O 7.e3 h6 8.Bh4 
Re8 9.Bd3 c5 10.Nge2 Nc6 11.a3 cxd4 12.exd4 Qb6 13.O-O Be6 14.Na4 Qd8 15.
Nc5 Rc8 16.Nxe6 fxe6 17.Qd1 Ne4 18.Bxe7 Rxe7 19.Bxe4 dxe4 20.Rc1 Rcc7 21.
Qc2 Nxd4 22.Qxe4 Nxe2+ 23.Qxe2 Rxc1 24.Rxc1 Qe8 25.h3 a6 26.Rc5 Qf7 27.Re5
Qf6 28.g3 Qg6 29.Kg2 Kf7 30.h4 Rc7 31.Re4 Re7 32.h5 Qg5 33.Re5 Qc1 34.Qd3 
Qc6+ 35.Kh2 Kg8 36.b4 Rf7 37.Qe2 Qf3 38.Rxe6 1/2-1/2

[Event "30th WCh U20 Girls"]
[Site "Athens GRE"]
[Date "2012.08.14"]
[Round "12"]
[White "Sihite, Chelsie Monica"]
[Black "Varga, Klara"]
[Result "1/2-1/2"]
[WhiteElo "2162"]
[BlackElo "2181"]
[EventDate "2012.08.02"]
[PlyCount "60"]

1.e4 e5 2.Bc4 Nc6 3.Nf3 Bc5 4.O-O d6 5.c3 Nf6 6.d4 exd4 7.cxd4 Bb6 8.d5 
Ne5 9.Nxe5 dxe5 10.Bb5+ Bd7 11.Bd3 h6 12.Nd2 c6 13.Nc4 Bd4 14.Be3 Bxe3 15.
fxe3 O-O 16.Nxe5 Re8 17.Nxd7 Qxd7 18.dxc6 Qxc6 19.Qb3 Qd6 20.Rf4 Re7 21.
Bc4 Rd8 22.Raf1 Rdd7 23.Bb5 Rd8 24.Bc4 Rdd7 25.Bb5 Rd8 26.Bc4 Rdd7 27.Bb5 
Rd8 28.Bc4 Rdd7 29.Bb5 Rd8 30.Bc4 Rdd7 1/2-1/2

[Event "30th WCh U20 Girls"]
[Site "Athens GRE"]
[Date "2012.08.14"]
[Round "12"]
[White "Sargsian, Shushanna"]
[Black "Klek, Hanna-Marie"]
[Result "0-1"]
[WhiteElo "2047"]
[BlackElo "2248"]
[EventDate "2012.08.02"]
[PlyCount "152"]

1.d4 g6 2.e4 Bg7 3.Nc3 d6 4.Be3 a6 5.Qd2 b5 6.f3 Nd7 7.Nge2 Bb7 8.a3 c5 9.
h4 h6 10.Ng3 h5 11.Be2 cxd4 12.Bxd4 Ngf6 13.f4 Qc7 14.Bf3 e5 15.Be3 exf4 
16.Bxf4 Ne5 17.O-O-O Rd8 18.Be2 Nc4 19.Bxc4 Qxc4 20.Bg5 Rd7 21.Kb1 Ng4 22.
Nd5 Bxd5 23.exd5 O-O 24.Rhe1 Rc8 25.Re4 Qc5 26.Rf1 a5 27.Re2 b4 28.Ne4 Qb5
29.axb4 axb4 30.Nf6+ Nxf6 31.Bxf6 Bxf6 32.Rxf6 Ra8 33.Qd3 Qxd3 34.cxd3 b3 
35.Re4 Kg7 36.Rf1 Rda7 37.Kc1 Rb7 38.Kd2 Ra5 39.Rd4 Rc5 40.Rc4 Rxd5 41.Kc3
f5 42.Rff4 Kf6 43.Rb4 Re7 44.Rf2 Re3 45.Rd2 Ke5 46.Rb8 Kf4 47.Kc4 Rde5 48.
Kxb3 Re2 49.Rxe2 Rxe2 50.Rd8 Rxg2 51.Rxd6 Kg4 52.d4 Rg3+ 53.Kc4 Kxh4 54.b4
Rg1 55.b5 Kg5 56.b6 Rb1 57.Kc5 h4 58.Rd8 h3 59.Rh8 Kg4 60.d5 f4 61.d6 Rc1+
62.Kd5 f3 63.b7 f2 64.b8=Q f1=Q 65.Qb4+ Kg3 66.Qh4+ Kh2 67.Ke6 Qf5+ 68.Ke7
Rd1 69.Rd8 g5 70.Qb4 Qh7+ 71.Ke6 Qg6+ 72.Ke7 Qg7+ 73.Ke6 g4 74.Rc8 g3 75.
Qf4 Qg6+ 76.Ke7 Qxd6+ 0-1

[Event "30th WCh U20 Girls"]
[Site "Athens GRE"]
[Date "2012.08.14"]
[Round "12"]
[White "Manelidou, Maria"]
[Black "Pavlidou, Ekaterini"]
[Result "1/2-1/2"]
[WhiteElo "2056"]
[BlackElo "2237"]
[EventDate "2012.08.02"]
[PlyCount "59"]

1.e4 c5 2.Nf3 Nc6 3.Bb5 g6 4.O-O Bg7 5.c3 e5 6.d3 Nge7 7.Be3 b6 8.d4 cxd4 
9.cxd4 exd4 10.Nxd4 O-O 11.Nc3 Bb7 12.Rc1 a6 13.Be2 Re8 14.Na4 Nxd4 15.
Bxd4 Bxd4 16.Qxd4 Nc6 17.Qxb6 Rxe4 18.Qxd8+ Rxd8 19.Bd1 Ba8 20.Nc5 Rb4 21.
b3 a5 22.Re1 Rd4 23.Bf3 d6 24.Na4 Nb4 25.Bxa8 Rxa8 26.Re2 Rb8 27.g3 Kg7 
28.Rc7 Rd1+ 29.Kg2 Nd3 30.f4 1/2-1/2

[Event "30th WCh U20 Girls"]
[Site "Athens GRE"]
[Date "2012.08.14"]
[Round "12"]
[White "Khaled, Mouna"]
[Black "Iordanidou, Zoi"]
[Result "1-0"]
[WhiteElo "2121"]
[BlackElo "2166"]
[EventDate "2012.08.02"]
[PlyCount "73"]

1.d4 f5 2.c4 Nf6 3.Nc3 e6 4.e3 d5 5.Bd3 c6 6.Nge2 Bd6 7.f3 O-O 8.O-O Bd7 
9.b3 Be8 10.a4 a5 11.Ba3 Bxa3 12.Rxa3 Na6 13.cxd5 Nxd5 14.Nxd5 exd5 15.
Bxa6 Rxa6 16.Nf4 Rf6 17.Nd3 Qe7 18.Qc1 Ra8 19.Ra2 b6 20.Ne5 Rb8 21.Rc2 Qb7
22.Qd2 Qe7 23.Rfc1 Rc8 24.Qd3 Qd8 25.Qd2 Qe7 26.Rb1 Ra8 27.f4 Qa3 28.b4 
Qxa4 29.b5 Qxb5 30.Rxb5 cxb5 31.Qc1 Rf8 32.Rc8 Rxc8 33.Qxc8 Bh5 34.Qe6+ 
Kh8 35.Qxb6 Be2 36.Qxa5 Rc8 37.Kf2 1-0

[Event "30th WCh U20 Girls"]
[Site "Athens GRE"]
[Date "2012.08.14"]
[Round "12"]
[White "Petrova, Irina"]
[Black "Ibrahimova, Sabina"]
[Result "0-1"]
[WhiteElo "2173"]
[BlackElo "2091"]
[EventDate "2012.08.02"]
[PlyCount "80"]

1.d4 Nf6 2.Bg5 c6 3.Bxf6 exf6 4.e3 Qb6 5.Qc1 d5 6.Bd3 Be7 7.Nf3 O-O 8.Nbd2
f5 9.g3 Be6 10.O-O Nd7 11.c4 g6 12.c5 Qc7 13.b4 Nf6 14.a4 Ne4 15.Qb2 h5 
16.Rfc1 g5 17.b5 h4 18.Rab1 Rfb8 19.bxc6 bxc6 20.Qc2 Kg7 21.Rxb8 Rxb8 22.
Rb1 Rh8 23.Nf1 hxg3 24.fxg3 Bf6 25.Rb4 f4 26.exf4 gxf4 27.Bxe4 dxe4 28.
Qxe4 Bd5 29.Qe2 Qa5 30.Rb7 Qc3 31.N1d2 Bxd4+ 32.Kg2 Qe3 33.Qxe3 fxe3 34.
Nb3 e2 35.Re7 Bf6 36.Re3 e1=Q 37.Rxe1 Bxb3 38.Re3 Bd5 39.h4 Bd4 40.Re7 
Bxc5 0-1

[Event "30th WCh U20 Girls"]
[Site "Athens GRE"]
[Date "2012.08.14"]
[Round "12"]
[White "Edes, Zsofia"]
[Black "Galunova, Tsveta"]
[Result "1/2-1/2"]
[WhiteElo "2081"]
[BlackElo "2091"]
[EventDate "2012.08.02"]
[PlyCount "91"]

1.d4 d5 2.c4 c6 3.Nc3 Nf6 4.cxd5 cxd5 5.Bf4 Nc6 6.e3 Bf5 7.Rc1 e6 8.Qb3 
Qb6 9.Qxb6 axb6 10.a3 Be7 11.Bb5 O-O 12.Na4 Nd7 13.Ne2 Ra5 14.Nac3 Rc8 15.
f3 f6 16.e4 dxe4 17.fxe4 Bg4 18.d5 exd5 19.Nxd5 Rxb5 20.Rxc6 Rxc6 21.Nxe7+
Kf7 22.Nxc6 bxc6 23.b4 Ne5 24.Nc3 Nd3+ 25.Kd2 Nxf4 26.Nxb5 cxb5 27.g3 Ng6 
28.Rc1 Ne5 29.Rc7+ Kg6 30.Rb7 Bf3 31.Ke3 Bg2 32.Kd4 Nf3+ 33.Ke3 Ne5 34.Kd4
Nc4 35.a4 Bxe4 36.Rb8 Bc6 37.Rc8 Ne5 38.a5 bxa5 39.bxa5 b4 40.a6 Bg2 41.
Rc2 Bh1 42.Rc1 Bg2 43.Rc2 Nc6+ 44.Ke3 Bh1 45.Rc1 Bg2 46.Rc2 1/2-1/2

[Event "30th WCh U20 Girls"]
[Site "Athens GRE"]
[Date "2012.08.14"]
[Round "12"]
[White "Narva, Triin"]
[Black "Batkovskyte, Dominyka"]
[Result "1-0"]
[WhiteElo "2028"]
[BlackElo "2096"]
[EventDate "2012.08.02"]
[PlyCount "81"]

1.e4 e6 2.d4 d5 3.Nd2 c5 4.Ngf3 cxd4 5.Nxd4 Nf6 6.e5 Nfd7 7.N2f3 Nc6 8.Bb5
Nxd4 9.Nxd4 Bc5 10.O-O O-O 11.Be3 Qb6 12.Bxd7 Bxd7 13.Qg4 f5 14.Qf4 Kh8 
15.h4 Rac8 16.Rfb1 Qd8 17.c3 Be7 18.Nf3 a5 19.Rd1 b5 20.Rac1 Ra8 21.Rd3 
Qb8 22.b3 Qb7 23.Rcd1 Rfc8 24.Ng5 Kg8 25.Qg3 Ra6 26.Nh3 Be8 27.Nf4 Qc7 28.
Ne2 Bh5 29.f3 Rf8 30.Kh1 Kh8 31.Qf4 Qd8 32.c4 bxc4 33.bxc4 Bxh4 34.cxd5 g5
35.Qc4 exd5 36.Qxa6 g4 37.Rxd5 Qb8 38.f4 Bf7 39.Rd7 Be8 40.Rb7 Qc8 41.
Rxh7+ 1-0

[Event "30th WCh U20 Girls"]
[Site "Athens GRE"]
[Date "2012.08.14"]
[Round "12"]
[White "Liao, Simone"]
[Black "Orozco Lopez, Lina Yomayra"]
[Result "0-1"]
[WhiteElo "1933"]
[BlackElo "2150"]
[EventDate "2012.08.02"]
[PlyCount "84"]

1.e4 c5 2.Nc3 a6 3.f4 b5 4.Nf3 e6 5.d3 Bb7 6.g3 b4 7.Ne2 d5 8.e5 Nd7 9.Bg2
Ne7 10.O-O h5 11.Kh1 Nf5 12.d4 c4 13.c3 a5 14.Ne1 Be7 15.Nc2 g6 16.Ne3 Qb6
17.Ng1 a4 18.Nf3 h4 19.Nxf5 gxf5 20.Nxh4 Bxh4 21.gxh4 a3 22.cxb4 axb2 23.
Bxb2 Qxb4 24.Qc2 Rxh4 25.Bc3 Qa3 26.Rf3 Rh8 27.Rb1 Bc6 28.Rb2 f6 29.Qf2 
Kf7 30.Bb4 Qa4 31.Qe2 Qa7 32.Rd2 Rag8 33.Ra3 Qb6 34.Bd6 Rg4 35.Rb2 Qxd4 
36.exf6 Rhg8 37.Rh3 Nxf6 38.Be5 Qe4 39.Qxe4 dxe4 40.Ra3 e3 41.Ra7+ Nd7 42.
h3 Rxg2 0-1

[Event "30th WCh U20 Girls"]
[Site "Athens GRE"]
[Date "2012.08.14"]
[Round "12"]
[White "Unapkoshvili, Nani"]
[Black "Nevioselaya, Maria"]
[Result "1-0"]
[WhiteElo "2011"]
[BlackElo "2057"]
[EventDate "2012.08.02"]
[PlyCount "85"]

1.d4 d5 2.c4 c6 3.Nf3 Nf6 4.Qc2 dxc4 5.Qxc4 Bf5 6.Nc3 e6 7.g3 Be7 8.Bg2 
Nbd7 9.O-O O-O 10.e3 Ne4 11.Qe2 Qb6 12.Nd2 Nxd2 13.Bxd2 Bg6 14.Na4 Qc7 15.
Rac1 Rfd8 16.e4 Nb6 17.Nxb6 Qxb6 18.Be3 Qa5 19.a3 Rd7 20.Rc3 Rad8 21.b4 
Qa4 22.Qd1 Qb5 23.Qb3 a5 24.bxa5 Qxa5 25.d5 Qb5 26.Qxb5 cxb5 27.Bb6 Ra8 
28.Rfc1 h6 29.Rc8+ Rxc8 30.Rxc8+ Kh7 31.Bc5 Bf6 32.f4 b6 33.Bb4 Bd4+ 34.
Kf1 Bh5 35.Bh3 Bf3 36.dxe6 fxe6 37.Bxe6 Ra7 38.Bg8+ Kg6 39.Rc6+ Kh5 40.Bh7
Bf6 41.h3 Rd7 42.Be1 Rb7 43.Bf5 1-0

[Event "30th WCh U20 Girls"]
[Site "Athens GRE"]
[Date "2012.08.14"]
[Round "12"]
[White "Furtado, Ivana Maria"]
[Black "Ivekovic, Ana"]
[Result "1-0"]
[WhiteElo "2102"]
[BlackElo "1959"]
[EventDate "2012.08.02"]
[PlyCount "129"]

1.d4 Nf6 2.c4 e6 3.Nf3 Bb4+ 4.Bd2 Qe7 5.g3 Nc6 6.Nc3 O-O 7.Bg2 Na5 8.b3 b6
9.O-O Bb7 10.Qc2 Rac8 11.Bf4 d5 12.a3 Bxa3 13.c5 Bb4 14.Na2 Nc6 15.Ne5 
Nxd4 16.Qd3 Bxc5 17.b4 Nxe2+ 18.Qxe2 Bd4 19.Rac1 Bxe5 20.Qxe5 Ba6 21.Rfd1 
Bc4 22.Rd2 Nd7 23.Qe1 Rfe8 24.Rdc2 Nb8 25.Bf1 Bxf1 26.Qxf1 e5 27.Bd2 d4 
28.b5 e4 29.Bf4 Qa3 30.Qc4 d3 31.Rc3 Qe7 32.Nb4 Qd7 33.Qd5 Qxd5 34.Nxd5 
Nd7 35.Nxc7 Red8 36.f3 Nc5 37.fxe4 Nxe4 38.Rc6 Nc5 39.Rd1 h6 40.Na6 g5 41.
Be3 Nxa6 42.Rxc8 Rxc8 43.bxa6 Rc3 44.Bc1 Rc2 45.Ba3 Rc3 46.Bd6 b5 47.Bb8 
Ra3 48.Bxa7 Rxa6 49.Bc5 Kh7 50.Rxd3 Ra1+ 51.Kg2 Ra2+ 52.Bf2 Rb2 53.g4 h5 
54.h3 hxg4 55.hxg4 b4 56.Kf3 b3 57.Rd7 Kg6 58.Rd6+ Kh7 59.Rf6 Kg8 60.Rf5 
Rb1 61.Rxg5+ Kh7 62.Rb5 b2 63.Rb6 Kg8 64.Kf4 Kh7 65.Kg5 1-0

[Event "30th WCh U20 Girls"]
[Site "Athens GRE"]
[Date "2012.08.14"]
[Round "12"]
[White "De Seroux, Camille"]
[Black "Cemhan, Kardelen"]
[Result "1-0"]
[WhiteElo "2101"]
[BlackElo "1938"]
[EventDate "2012.08.02"]
[PlyCount "61"]

1.e4 c5 2.Nf3 e6 3.d4 cxd4 4.Nxd4 Nc6 5.Nc3 Qc7 6.f4 a6 7.Nxc6 Qxc6 8.Bd3 
d6 9.a4 Qc7 10.O-O Nf6 11.Kh1 Be7 12.Qf3 O-O 13.Bd2 Bd7 14.Rae1 Bc6 15.Qh3
g6 16.f5 e5 17.Bh6 Rfd8 18.Bg5 Nh5 19.f6 Bf8 20.g4 Nf4 21.Rxf4 exf4 22.Bh6
Kh8 23.Rf1 Be7 24.Qh4 d5 25.fxe7 Rd6 26.exd5 Re6 27.Be4 Qe5 28.Bxf4 Qd4 
29.dxc6 Rxe4 30.Nxe4 Qxe4+ 31.Kg1 1-0

[Event "30th WCh U20 Girls"]
[Site "Athens GRE"]
[Date "2012.08.14"]
[Round "12"]
[White "Chiarion, Elisa"]
[Black "Bucar, Natasa"]
[Result "0-1"]
[WhiteElo "1978"]
[BlackElo "2022"]
[EventDate "2012.08.02"]
[PlyCount "82"]

1.e4 c5 2.Nf3 Nc6 3.d4 cxd4 4.Nxd4 Nf6 5.Nc3 e5 6.Nf5 d5 7.exd5 Bxf5 8.
dxc6 Qxd1+ 9.Nxd1 bxc6 10.Ne3 Be6 11.Ba6 Rb8 12.Nc4 Nd7 13.Be3 Nc5 14.Bxc5
Bxc5 15.O-O-O f6 16.Na5 Rb6 17.Bc4 Ke7 18.Rd3 Bf5 19.Rg3 g6 20.Rb3 Bxf2 
21.Rxb6 axb6 22.Nxc6+ Kd6 23.Bb5 Be4 24.Rd1+ Kc5 25.Na7 Ra8 26.Rd7 Rxa7 
27.Rxa7 Kxb5 28.g3 Bf3 29.Rf7 f5 30.Rxh7 e4 31.Re7 e3 32.Re6 e2 33.Kd2 
e1=Q+ 34.Rxe1 Bxe1+ 35.Kxe1 Kc4 36.Kd2 Be4 37.a3 Kd4 38.b3 g5 39.h4 gxh4 
40.gxh4 f4 41.c3+ Ke5 0-1

[Event "30th WCh U20 Girls"]
[Site "Athens GRE"]
[Date "2012.08.14"]
[Round "12"]
[White "Lefevre, Margaux"]
[Black "Messam-Sparks, Lateefah"]
[Result "1-0"]
[WhiteElo "2043"]
[BlackElo "1947"]
[EventDate "2012.08.02"]
[PlyCount "67"]

1.e4 c5 2.Nf3 e6 3.d4 cxd4 4.Nxd4 Nf6 5.Nc3 d6 6.g4 h6 7.h4 Nc6 8.Rg1 h5 
9.gxh5 Nxh5 10.Bg5 Nf6 11.Bg2 Qb6 12.Nb3 Ne5 13.Qe2 Bd7 14.O-O-O a6 15.f4 
Ng6 16.e5 Nh5 17.Nd5 Ngxf4 18.Nxf4 Nxf4 19.Bxf4 Rxh4 20.Bg3 Ra4 21.exd6 
Rc8 22.Kb1 Rac4 23.Be4 a5 24.Rc1 g6 25.Bd3 R4c6 26.Qf3 f5 27.Bxf5 Bxd6 28.
Bxg6+ Kd8 29.Nd4 e5 30.Nxc6+ Rxc6 31.Be4 Rc4 32.Qf6+ Kc7 33.Bxe5 Rxe4 34.
Bxd6+ 1-0

[Event "30th WCh U20 Girls"]
[Site "Athens GRE"]
[Date "2012.08.14"]
[Round "12"]
[White "Vatkali, Dimitra"]
[Black "Frey, Alisa"]
[Result "0-1"]
[WhiteElo "1936"]
[BlackElo "2035"]
[EventDate "2012.08.02"]
[PlyCount "104"]

1.e4 e5 2.Nf3 Nc6 3.d4 exd4 4.Nxd4 Bc5 5.Nxc6 Qf6 6.Qf3 bxc6 7.Nd2 d6 8.
Nb3 Bb6 9.a4 Qxf3 10.gxf3 a5 11.Be3 Ne7 12.O-O-O Bxe3+ 13.fxe3 O-O 14.Rg1 
h6 15.Rd2 g6 16.h4 h5 17.Rg5 c5 18.Bc4 Kh7 19.Rdg2 Bd7 20.Nd2 Bxa4 21.f4 
f5 22.Be2 Kh6 23.e5 Bc6 24.R2g3 Bd5 25.Bf3 Bxf3 26.Nxf3 a4 27.Rg1 Rfb8 28.
R5g2 a3 29.bxa3 Rxa3 30.Kd2 Rb2 31.Ng5 Raa2 32.Rc1 Rb6 33.Rcg1 Kg7 34.Nf3 
Kf7 35.Ng5+ Ke8 36.Nf3 Kd7 37.Rc1 Ke6 38.Rgg1 Rb4 39.Ra1 Rba4 40.Rxa2 Rxa2
41.Ng5+ Kd5 42.Nf7 Ra6 43.exd6 cxd6 44.Nh8 Ke4 45.Nxg6 Nd5 46.Rg5 Nxe3 47.
Rxh5 Ra2 48.Rh8 Rxc2+ 49.Ke1 Rh2 50.h5 c4 51.h6 c3 52.h7 Kf3 0-1

[Event "30th WCh U20 Girls"]
[Site "Athens GRE"]
[Date "2012.08.14"]
[Round "12"]
[White "Pon Krithikha, Namasivayam"]
[Black "Forsa, Elise"]
[Result "1-0"]
[WhiteElo "2119"]
[BlackElo "1836"]
[EventDate "2012.08.02"]
[PlyCount "187"]

1.e4 c5 2.Nc3 g6 3.f4 Bg7 4.Nf3 e6 5.g3 Nc6 6.d3 Nge7 7.Bg2 a6 8.Be3 b6 9.
d4 cxd4 10.Nxd4 Bb7 11.Qd2 Na5 12.Bf2 Nc4 13.Qc1 Qc7 14.O-O O-O 15.Nce2 
Nd6 16.Nc3 Nc4 17.b3 Nd6 18.Qe3 Rac8 19.Nce2 f5 20.e5 Ne4 21.c4 Nc6 22.
Nxc6 Bxc6 23.Qxb6 Nxf2 24.Qxc7 Rxc7 25.Kxf2 Bxg2 26.Kxg2 Kf7 27.Rad1 Ra8 
28.Nc3 Bf8 29.Na4 Rb8 30.Rd4 Ke8 31.Rfd1 Rbb7 32.Kf3 Ba3 33.Ke2 Rc6 34.Kf3
Ke7 35.R4d3 Bb4 36.Nc3 d6 37.exd6+ Rxd6 38.Rxd6 Bxd6 39.Na4 Rc7 40.Rc1 Ba3
41.Rc2 Kd6 42.Ke3 a5 43.Rd2+ Ke7 44.Rd1 Bd6 45.Rd3 Bb4 46.Kf3 Bd6 47.h3 
Bb4 48.Nb2 Ba3 49.Nd1 Rb7 50.Ne3 Bc5 51.Nc2 a4 52.Ke2 h5 53.Kf3 Kf6 54.g4 
Kf7 55.gxf5 gxf5 56.Ke2 h4 57.Ne1 Be7 58.Nf3 Bf6 59.Ke3 Ke7 60.Nd4 Kf7 61.
Nb5 axb3 62.axb3 Be7 63.Rd1 Kf6 64.Rd3 Bb4 65.Ke2 Bc5 66.Rf3 Bb4 67.Nd4 
Rd7 68.Rd3 Rg7 69.Nf3 Rh7 70.Rd8 Rb7 71.Rd3 Rh7 72.Kd1 Bc5 73.Kc2 Bb4 74.
Rd8 Ba5 75.Rc8 Ke7 76.Ra8 Bc7 77.Ng5 Rg7 78.Ra7 Kf6 79.Kd3 Rd7+ 80.Ke2 Re7
81.Kf3 Rd7 82.Ke2 Re7 83.Nf3 Rh7 84.c5 Kg6 85.Ng5 Re7 86.Nf3 Rh7 87.b4 Kf6
88.b5 Re7 89.b6 Bxf4 90.Nxh4 Bh2 91.Nf3 Bb8 92.Rxe7 Kxe7 93.Nd4 f4 94.Nc6+
1-0

[Event "30th WCh U20 Girls"]
[Site "Athens GRE"]
[Date "2012.08.14"]
[Round "12"]
[White "Imeeva, Aisa"]
[Black "York-Andersen, Anna"]
[Result "1/2-1/2"]
[WhiteElo "2095"]
[BlackElo "1828"]
[EventDate "2012.08.02"]
[PlyCount "64"]

1.e4 c6 2.d4 d5 3.Nd2 dxe4 4.Nxe4 Bf5 5.Ng3 Bg6 6.Nh3 Nf6 7.Nf4 e6 8.c3 
Bd6 9.h4 Bxf4 10.Bxf4 h6 11.Qb3 Qb6 12.Qa3 Nbd7 13.Be2 c5 14.dxc5 Qxc5 15.
b4 Qe7 16.h5 Bh7 17.c4 O-O 18.Qb2 Rfd8 19.O-O Rac8 20.Rac1 Ne4 21.Bf3 Ndf6
22.Rfe1 Nd6 23.c5 Nf5 24.Nxf5 Bxf5 25.Bd6 Qd7 26.b5 Bg4 27.Bxg4 Nxg4 28.
Qe2 Nf6 29.Red1 Nd5 30.Bg3 Nc3 31.Rxc3 Qxd1+ 32.Qxd1 Rxd1+ 1/2-1/2

[Event "30th WCh U20 Girls"]
[Site "Athens GRE"]
[Date "2012.08.14"]
[Round "12"]
[White "Kolaric, Spela"]
[Black "Owens, Megan"]
[Result "1-0"]
[WhiteElo "2071"]
[BlackElo "1816"]
[EventDate "2012.08.02"]
[PlyCount "91"]

1.d4 Nf6 2.Bg5 d5 3.Nf3 g6 4.Bxf6 exf6 5.g3 Bg7 6.Bg2 O-O 7.O-O Re8 8.e3 
Bg4 9.h3 Bxf3 10.Bxf3 c6 11.Nd2 Nd7 12.b3 f5 13.Rc1 Rc8 14.c4 Nf6 15.Rc2 
Qd7 16.b4 Ne4 17.Bxe4 fxe4 18.Kg2 b6 19.Nb3 h5 20.h4 Bf8 21.a3 Bh6 22.Qe2 
Rc7 23.Rfc1 Rec8 24.a4 Bf8 25.c5 bxc5 26.Nxc5 Bxc5 27.Rxc5 Qg4 28.Qxg4 
hxg4 29.b5 Kf8 30.bxc6 f5 31.Rxd5 Rxc6 32.Rxc6 Rxc6 33.h5 Ra6 34.hxg6 Kg7 
35.Rxf5 Kxg6 36.Re5 Rxa4 37.Rxe4 Kf5 38.Rf4+ Kg5 39.Rf8 Ra1 40.d5 Rd1 41.
e4 Rd4 42.f4+ gxf3+ 43.Kxf3 a5 44.Ke3 Rd1 45.Ra8 Ra1 46.d6 1-0

[Event "30th WCh U20 Girls"]
[Site "Athens GRE"]
[Date "2012.08.14"]
[Round "12"]
[White "Moura, Danielle Sena"]
[Black "Lolici, Iselin-Amanda"]
[Result "1/2-1/2"]
[WhiteElo "1876"]
[BlackElo "1967"]
[EventDate "2012.08.02"]
[PlyCount "116"]

1.d4 Nf6 2.c4 g6 3.Nc3 Bg7 4.e4 d6 5.f3 O-O 6.Be3 e5 7.d5 c6 8.Qd2 Na6 9.
Nge2 Nc7 10.g4 h5 11.gxh5 Nxh5 12.Ng3 Kh7 13.Bd3 c5 14.O-O-O a6 15.Rdg1 
Rg8 16.Nxh5 gxh5 17.Rg5 f6 18.Rxh5+ Kg6 19.Rh4 Kf7 20.Rg1 f5 21.Bg5 Qf8 
22.exf5 b5 23.f6 Bxf6 24.Rh7+ Ke8 25.Rxc7 bxc4 26.Bxc4 Bd8 27.Rh7 Qf5 28.
Bd3 Qxg5 29.Rxg5 Bxg5 30.Qxg5 Rxg5 31.Ne4 Rg6 32.Rh8+ Ke7 33.Rh7+ Kf8 34.
Ng3 Rg7 35.Rh6 Raa7 36.Rxd6 Rad7 37.Rh6 Rxd5 38.Bc4 Rd4 39.Rh8+ Ke7 40.
Rxc8 Rxc4+ 41.Kd2 Kd7 42.Ra8 Rg6 43.Ra7+ Kd8 44.Ra8+ Kc7 45.Re8 Rh6 46.
Rxe5 Rxh2+ 47.Kd3 Rcc2 48.Ne4 c4+ 49.Kd4 Rxb2 50.Kxc4 Rxa2 51.f4 Rac2+ 52.
Kd5 a5 53.f5 a4 54.f6 Rh7 55.Ng5 Rd7+ 56.Ke6 Rc6+ 57.Kf5 Rc1 58.f7 Rf1+ 
1/2-1/2

[Event "30th WCh U20 Girls"]
[Site "Athens GRE"]
[Date "2012.08.14"]
[Round "12"]
[White "Kalaydina, Regina Veronicka"]
[Black "Dominguez, Gisella"]
[Result "1/2-1/2"]
[WhiteElo "1928"]
[BlackElo "1831"]
[EventDate "2012.08.02"]
[PlyCount "111"]

1.d4 Nf6 2.Bg5 g6 3.Bxf6 exf6 4.c4 Bg7 5.Nc3 O-O 6.g3 Nc6 7.e3 d6 8.Bg2 
Bd7 9.Nge2 Qc8 10.h4 h5 11.Nf4 Re8 12.O-O Bg4 13.Qd2 g5 14.hxg5 fxg5 15.
Nfd5 Ne7 16.Nb5 Nxd5 17.cxd5 a6 18.Nc3 Bh3 19.Qd1 Bg4 20.Bf3 Bh3 21.Re1 g4
22.Bg2 Bxg2 23.Kxg2 Qf5 24.Rh1 Bf6 25.Rc1 Kg7 26.Kg1 Rh8 27.Qc2 Qg5 28.Ne4
Qxd5 29.Nxf6 Kxf6 30.Qc4 Qxc4 31.Rxc4 c6 32.Kg2 Rae8 33.Rh4 Kg5 34.Rc1 Re7
35.Rch1 f5 36.b4 Re4 37.R4h2 c5 38.bxc5 dxc5 39.dxc5 Rc4 40.Rb1 Rh7 41.
Rhh1 Rxc5 42.Rhd1 Rc2 43.Rd8 Rg7 44.a4 Rc4 45.a5 Rc5 46.Ra1 Re7 47.Rg8+ 
Kf6 48.Rf8+ Kg7 49.Rd8 Rb5 50.Ra4 Ree5 51.Rc4 Kf7 52.Rcc8 Rxa5 53.Rf8+ Ke6
54.Rfe8+ Kd5 55.Red8+ Ke6 56.Re8+ 1/2-1/2

[Event "30th WCh U20 Girls"]
[Site "Athens GRE"]
[Date "2012.08.14"]
[Round "12"]
[White "Tuzi, Bruna"]
[Black "Koutsogiannopoulou, Theodora"]
[Result "0-1"]
[WhiteElo "1546"]
[BlackElo "1897"]
[EventDate "2012.08.02"]
[PlyCount "52"]

1.e4 c5 2.Nf3 d6 3.d4 cxd4 4.Nxd4 Nf6 5.Nc3 a6 6.Be2 e5 7.Nb3 Be7 8.O-O 
O-O 9.Be3 Be6 10.a4 Nc6 11.f4 exf4 12.Rxf4 Nb4 13.a5 Rc8 14.Bb6 Qd7 15.Kh1
d5 16.exd5 Nbxd5 17.Nxd5 Nxd5 18.Rd4 Bf6 19.Rd3 Qe7 20.c3 Nxb6 21.axb6 
Bxb3 22.Qxb3 Qxe2 23.Rd7 Rce8 24.h3 Bh4 25.Rxb7 Be1 26.Ra4 Bg3 0-1